| 000 | 00466nam a22001697a 4500 | ||
|---|---|---|---|
| 003 | OSt | ||
| 008 | 240329b |||||||| |||| 00| 0 eng d | ||
| 020 | _a9789355016836 | ||
| 082 | _a954.03 GRM | ||
| 100 | _aGROVER, B.L. & MEHTA, Alka | ||
| 245 | _aA New Look at Modern Indian History: From 1707 to The Modern Times | ||
| 250 | _a33rd. ed. | ||
| 260 |
_aNew Delhi _bS Chand and Comopany limited _c2024 |
||
| 300 | _a582 p. | ||
| 650 | _aEnglish | ||
| 942 |
_2ddc _cBK |
||
| 999 |
_c12335 _d12335 |
||